000 00736nam a22002177a 4500
003 UA-OsUOA
001 42327
007 ta
008 20061101b un ||||| |||| 00| 0 ukr d
100 _aСтецюк Г.
090 _a94(477.82)"1941/1944"
_bС79
942 _cBK
040 _aUA-OsUOA
_bukr
_cUA-OsUOA
_dUA-OsUOA
245 _aЧорні дні Волині
_bСпогадит колишнього зв'язкового обласного проводу ОУН
955 _a3
041 _aukr
080 _a94(477.82)"1941/1944"
260 _aВолодимир - Волинський
_bСвітязь
_c1992
650 7 _a9 Географія. Біографії. Історія
_2UDC
999 _c328458
_d328458